| 000 | 00954nam a22001937a 4500 | ||
|---|---|---|---|
| 999 |
_c62058 _d62058 |
||
| 003 | Ge_BSU | ||
| 005 | 20240628114116.0 | ||
| 008 | 240628b xxu||||| |||| 00| 0 geo d | ||
| 041 | _ageo | ||
| 080 | _a616(479.22)(092) ს-12 | ||
| 100 |
_aსააკაშვილი, მიხეილ _922363 |
||
| 245 |
_aგამოჩენილი ქართველი მეცნიერი ივანე თარხნიშვილი (თარხან-მოურავი) / _cმიხეილ სააკაშვილი; რედ. ბ. ჯიბლაძე. |
||
| 264 |
_aთბილისი : _bკომუნისტი, _c1947. |
||
| 300 |
_a155 გვ. ; _b20 სმ. |
||
| 653 | _aთარხნიშვილი, ივანე | ||
| 653 | _aქართველი ფიზიოლოგები | ||
| 700 |
_aჯიბლაძე, ბ. _eრედაქტორი _922625 |
||
| 942 |
_2udc _cᲬᲘᲒᲜᲘ |
||